Landmarks Revealing Landmarks #2 - Statistics

General Stats
  • This quiz has been taken 8,171 times
  • The average score is 11 of 21
Answers on the Map
Answers color-coded by a green-red scale on the quiz's map according to % correct below.
 
Answer Stats
Answer % Correct
Great Wall of China
93%
Mount Everest
92%
Mount Rushmore
90%
Great Sphinx of Giza
81%
Machu Picchu
81%
Tower Bridge
69%
Petra
61%
Grand Canyon
60%
Uluru
60%
Victoria Falls
52%
Matterhorn
48%
Pantheon
48%
Hagia Sophia
43%
Chichén Itzá
42%
Old Faithful
36%
Giant's Causeway
30%
Table Mountain
28%
Nazca Lines
23%
Iguazú Falls
18%
Darvaza gas crater
16%
Stromboli
7%
No matching quizzes found
Score Distribution
Percent of People with Each Score
Percentile by Number Answered
Your Score History
You have not taken this quiz